Anatomy, physiology, and pathophysiology for allied health
Organization of the body -- The integumentary system -- The skeletal system -- The muscular system -- The cardiovascular system -- The respiratory system -- The nervous system -- The urinary system -- The reproductive systems -- The lymphatic and immune systems -- The digestive system -- The endocri...
Đã lưu trong:
| 主要作者: | |
|---|---|
| 其他作者: | |
| 格式: | 圖書 |
| 語言: | English |
| 出版: |
Boston
McGraw-Hill
2009
|
| 版: | 2nd ed. |
| 主題: | |
| 標簽: |
添加標簽
沒有標簽, 成為第一個標記此記錄!
|
| Thư viện lưu trữ: | Mạng thư viện Đại học Đà Nẵng |
|---|
| LEADER | 01609nam a2200385 4500 | ||
|---|---|---|---|
| 001 | 000021397 | ||
| 003 | 17845 | ||
| 005 | 20150420100428.0 | ||
| 008 | 150420s2009 engsd | ||
| 020 | |a 0073373958 (alk. paper) |a 9780073373959 (alk. paper) | ||
| 041 | 0 | |a eng | |
| 082 | 0 | 0 | |a 612|222 |b BO-K |
| 100 | 1 | |a Booth, Kathryn A |d 1957- | |
| 245 | 1 | 0 | |a Anatomy, physiology, and pathophysiology for allied health |c Kathryn A. Booth, Terri D. Wyman |
| 250 | |a 2nd ed. | ||
| 260 | |a Boston |b McGraw-Hill |c 2009 | ||
| 300 | |a xix, 287 p. |b ill. (chiefly col.) |c 28 cm. | ||
| 500 | |a Includes index | ||
| 520 | 3 | |a Organization of the body -- The integumentary system -- The skeletal system -- The muscular system -- The cardiovascular system -- The respiratory system -- The nervous system -- The urinary system -- The reproductive systems -- The lymphatic and immune systems -- The digestive system -- The endocrine system -- Special senses. | |
| 650 | 0 | |a Human anatomy | |
| 650 | 0 | |a Human physiology | |
| 650 | 0 | |a Physiology, Pathological | |
| 650 | 0 | |a Allied health personnel | |
| 653 | |a Y học | ||
| 700 | 1 | |a Wyman, Terri D. |q (Emily Ann) | |
| OWN | |a LSP | ||
| AVA | |a UDN50 |b LSP |d 612|222 BO-K |e available |t Error 5001 Not defined in file expand_doc_bib_avail. |f 2 |g 0 |h N |i 0 |k 1 | ||
| 999 | |a From the UDN01 | ||
| AVA | |a UDN50 |b LSP |d 612|222 BO-K |e available |t Error 5001 Not defined in file expand_doc_bib_avail. |f 2 |g 0 |h N |i 0 |k 1 | ||
| TYP | |a Monograph | ||
| TYP | |a Printed language | ||
| 980 | |a Mạng thư viện Đại học Đà Nẵng | ||


